| 000 | 00780nam a2200253Ia 4500 | ||
|---|---|---|---|
| 001 | 20221 | ||
| 003 | GE_BSU | ||
| 008 | 181216s||||||||xx |||||||||||||| ||und|| | ||
| 040 | _cGE_BSU | ||
| 080 | _a514(075.8) | ||
| 100 | _aფხაკაძე, ა. ვ. | ||
| 245 | _aგეომეტრიის საფუძვლები. ნ.1 | ||
| 245 | _bსახელმძღვანელო | ||
| 260 | _aთბილისი | ||
| 260 | _bცოდნა | ||
| 260 | _c1961 | ||
| 300 | _a285გვ. 20სმ. | ||
| 541 | _h9ლ.10თ. | ||
| 653 | _aგეომეტრია | ||
| 653 | _aგეომეტრიის საფუძვლები. ნ.1 | ||
| 653 | _aმათემატიკა | ||
| 653 | _aქსეროქსი | ||
| 942 | _cBK | ||
| 999 |
_c53180 _d53180 |
||